|
|
|
|
| LEADER |
00000nam0a2200000 4500 |
| 001 |
374047 |
| 005 |
20231101051007.0 |
| 010 |
|
|
|b 10000 экз.
|
| 035 |
|
|
|a (RuTPU)RU\TPU\retro\31480
|
| 035 |
|
|
|a RU\TPU\book\273289
|
| 090 |
|
|
|a 374047
|
| 100 |
|
|
|a 20221216d1945 e y0rusy50 ca
|
| 101 |
0 |
|
|a rus
|
| 102 |
|
|
|a RU
|
| 105 |
|
|
|a y z 000zy
|
| 200 |
1 |
|
|a Как устроена наша солнечная система?
|f К. Л. Баев
|
| 210 |
|
|
|a Саратов
|c газета "Коммунист"
|d 1945
|
| 215 |
|
|
|a 11 с.
|
| 225 |
1 |
|
|a В помощь пропагандисту и агитатору
|
| 225 |
1 |
|
|a Научно-популярная библиотечка
|
| 300 |
|
|
|a Перепечатано из журнала "Спутник агитатора" №18 за 1944 г.
|
| 610 |
1 |
|
|a Солнечная система
|
| 610 |
1 |
|
|a строение
|
| 610 |
1 |
|
|a научно-популярная литература
|
| 675 |
|
|
|a 523
|v 3
|
| 700 |
|
1 |
|a Баев
|b К. Л.
|
| 801 |
|
1 |
|a RU
|b 63413507
|c 20140218
|
| 801 |
|
2 |
|a RU
|b 63413507
|c 20221216
|g RCR
|
| 942 |
|
|
|c BK
|